00447nam a2200133Ia 4500082001200000100002400012245009300036260003100129300001000160650004300170650002400213650005900237710001700296 aTU.0024 aUppal, Surjit Singh 0aDevelopment of a curriculum in science for secondary schools in the state of Maharashtra c1977bUniversity of Bombay a246p. aHIGH SCHOOLS - CURRICULA - MAHARASHTRA aSCIENCE - CURRICULA aSCIENCE - STUDY AND TEACHING (SECONDARY) - MAHARASHTRA aShukla, N.N.